Histoire - questions pas si simples et toujours aléatoires - Statistiques

Statistiques générales
  • Ce quiz a été pris 58 fois
  • Le résultat moyen est 3 sur 10
Statistiques - réponses
Questions Réponses % Correct
3) Quel pays annexa cette colonie en 1655 ? Pays-Bas
60%
9) Quel empire fut dépecé à la suite du traité de Sèvres ? Ottoman
42%
1) Quel pays possédait les Iles Vierges avant les USA ? Danemark
40%
2) Quel pays fonda une colonie sur le Delaware en 1638 ? Suède
36%
5) En quelle année la France a-t-elle atteint ses frontières actuelles ? 1947
24%
10) Par quel traité fut-il annulé ? Lausanne
24%
4) Quel était le nom du Malawi quand il était une colonie britannique ? Nyassaland
20%
8) Dans quel pays se trouve la côte des Mosquitos, ancienne colonie britannique ? Nicaragua
11%
7) Quel était le nom latin de la ville de Mayence ? Mogontiacum
7%
6) Quel roi anglais s'est fait renverser par le danois Sven à la barbe fourchue ? Ethelred le Malavisé
4%
Aucun quiz correspondant
Distribution des résultats
% des personnes avec chaque résultat
Percentile par nombre de réponses
Votre historique - résultats
Vous n’avez pas pris ce quiz